000 00464nam a2200169Ia 4500
005 20250508162715.0
008 008 250505s9999 xx 000 0 hin d
037 _aTextual
040 _aFEDL
_beng
_cFEDL
041 _ahin
_2eng
084 _a363.7, NCE
_qFEDL
245 0 _aPariveshaniya addhyan
245 0 _cNational Council of Educational Research and Training
300 _a44p.
942 _cTEXL
_h363.7, NCE
999 _c1378190
_d1378190